000 01711cam a2200373 i 4500
001 19333923
003 ARRUPE
005 20211027112931.0
008 161013s2017 nyu b 000 0 eng
010 _a 2016021725
020 _a9780385540414 (hardback)
020 _z9780385540421 (eBook)
040 _aDLC
_beng
_cDLC
_erda
_dDLC
042 _apcc
050 0 0 _aB821
_b.O365 2016
082 0 0 _a306.4/61
_223
084 _aCOM004000
_aSCI010000
_aCOM079010
_2bisacsh
100 1 _aO'Connell, Mark,
_d1979-
_eauthor.
_950732
245 1 0 _aTo be a machine :
_badventures among cyborgs, utopians, hackers, and the futurists solving the modest problem of death /
_cMark O'Connell.
250 _aFirst edition.
300 _a241 pages ;
_c24 cm
504 _aIncludes bibliographical references.
520 _a"A globe-spanning investigation into the Transhumanist movement, considering the tech billionaires, scientific luminaries, and DIY body-hackers attempting to prolong, improve, and ultimately transcend the limits of human life"--
650 0 _aHumanism.
650 0 _aMedical technology
_xSocial aspects.
_950733
650 0 _aTechnological innovations
_xSocial aspects.
_941827
650 0 _aProsthesis
_xSocial aspects.
_950734
650 7 _aCOMPUTERS / Intelligence (AI) & Semantics.
_2bisacsh
_950735
650 7 _aSCIENCE / Biotechnology.
_2bisacsh
_950736
650 7 _aCOMPUTERS / Social Aspects / Human-Computer Interaction.
_2bisacsh
_950737
906 _a7
_bcbc
_corignew
_d1
_eecip
_f20
_gy-gencatlg
942 _2lcc
_cMONOGRAPH
999 _c131003
_d131003